<?xml version="1.0" encoding="UTF-8"?>
<collection xmlns="http://www.loc.gov/MARC21/slim">
<record>
  <controlfield tag="001">108506</controlfield>
  <controlfield tag="005">20211122153226.0</controlfield>
  <datafield tag="024" ind1="7" ind2=" ">
    <subfield code="2">doi</subfield>
    <subfield code="a">10.1016/j.jsames.2020.103028</subfield>
  </datafield>
  <datafield tag="024" ind1="8" ind2=" ">
    <subfield code="2">sideral</subfield>
    <subfield code="a">122554</subfield>
  </datafield>
  <datafield tag="037" ind1=" " ind2=" ">
    <subfield code="a">ART-2020-122554</subfield>
  </datafield>
  <datafield tag="041" ind1=" " ind2=" ">
    <subfield code="a">eng</subfield>
  </datafield>
  <datafield tag="100" ind1=" " ind2=" ">
    <subfield code="a">Peña-Monné, J.L.</subfield>
    <subfield code="u">Universidad de Zaragoza</subfield>
    <subfield code="0">(orcid)0000-0003-4067-8222</subfield>
  </datafield>
  <datafield tag="245" ind1=" " ind2=" ">
    <subfield code="a">Geomorphological dynamics and human interactions in a semiarid valley in Northwestern Argentina: The Cafayate depression (Salta Province)</subfield>
  </datafield>
  <datafield tag="260" ind1=" " ind2=" ">
    <subfield code="c">2020</subfield>
  </datafield>
  <datafield tag="520" ind1="3" ind2=" ">
    <subfield code="a">The aim of this study was to record the changes in the Cafayate region, Northwestern Argentina, over the last 50 years (1969–2019), with a focus on fluvial and dune systems, together with human activity. The multi-temporal analysis of different kinds of remote sensor images and field surveys allowed us to establish that the final section of the Santa María River shows a meandering channel whose arrangement and morphology have substantially changed since 1969. The Santa María River has moved from a northern position in 1969 to the current location, giving rise to a shortening in the channel length from 11756 m to 8217 m, increasing its gradient from 0.10% (1969) to 0.14% (2019), with its sinuosity index falling from 2.85 to 2, although the lateral erosion of the channel and the meanders have remained very active. The floodplain supplies sands to feed the aeolian dynamics through a close cycle that favors the development of large dune fields, especially in the river stretches where there is transversal wind direction. Moreover, the changes in land use have negatively impacted on the fluvio-aeolian dynamics of the system.</subfield>
  </datafield>
  <datafield tag="506" ind1="0" ind2=" ">
    <subfield code="a">Access copy available to the general public</subfield>
    <subfield code="f">Unrestricted</subfield>
  </datafield>
  <datafield tag="536" ind1=" " ind2=" ">
    <subfield code="9">info:eu-repo/grantAgreement/ES/DGA/H07</subfield>
    <subfield code="9">info:eu-repo/grantAgreement/ES/UZ/IUCA</subfield>
  </datafield>
  <datafield tag="540" ind1=" " ind2=" ">
    <subfield code="9">info:eu-repo/semantics/openAccess</subfield>
    <subfield code="a">All rights reserved</subfield>
    <subfield code="u">http://www.europeana.eu/rights/rr-f/</subfield>
  </datafield>
  <datafield tag="590" ind1=" " ind2=" ">
    <subfield code="a">2.093</subfield>
    <subfield code="b">2020</subfield>
  </datafield>
  <datafield tag="591" ind1=" " ind2=" ">
    <subfield code="a">GEOSCIENCES, MULTIDISCIPLINARY</subfield>
    <subfield code="b">127 / 198 = 0.641</subfield>
    <subfield code="c">2020</subfield>
    <subfield code="d">Q3</subfield>
    <subfield code="e">T2</subfield>
  </datafield>
  <datafield tag="592" ind1=" " ind2=" ">
    <subfield code="a">0.712</subfield>
    <subfield code="b">2020</subfield>
  </datafield>
  <datafield tag="593" ind1=" " ind2=" ">
    <subfield code="a">Geology</subfield>
    <subfield code="c">2020</subfield>
    <subfield code="d">Q2</subfield>
  </datafield>
  <datafield tag="593" ind1=" " ind2=" ">
    <subfield code="a">Earth-Surface Processes</subfield>
    <subfield code="c">2020</subfield>
    <subfield code="d">Q2</subfield>
  </datafield>
  <datafield tag="655" ind1=" " ind2="4">
    <subfield code="a">info:eu-repo/semantics/article</subfield>
    <subfield code="v">info:eu-repo/semantics/acceptedVersion</subfield>
  </datafield>
  <datafield tag="700" ind1=" " ind2=" ">
    <subfield code="a">Sampietro-Vattuone, M.M.</subfield>
  </datafield>
  <datafield tag="710" ind1="2" ind2=" ">
    <subfield code="1">3006</subfield>
    <subfield code="2">430</subfield>
    <subfield code="a">Universidad de Zaragoza</subfield>
    <subfield code="b">Dpto. Geograf. Ordenac.Territ.</subfield>
    <subfield code="c">Área Geografía Física</subfield>
  </datafield>
  <datafield tag="773" ind1=" " ind2=" ">
    <subfield code="g">(2020), 103028 [14 pp]</subfield>
    <subfield code="p">J. South Am. earth sci.</subfield>
    <subfield code="t">JOURNAL OF SOUTH AMERICAN EARTH SCIENCES</subfield>
    <subfield code="x">0895-9811</subfield>
  </datafield>
  <datafield tag="856" ind1="4" ind2=" ">
    <subfield code="s">1668628</subfield>
    <subfield code="u">http://zaguan.unizar.es/record/108506/files/texto_completo.pdf</subfield>
    <subfield code="y">Postprint</subfield>
  </datafield>
  <datafield tag="856" ind1="4" ind2=" ">
    <subfield code="s">2580704</subfield>
    <subfield code="u">http://zaguan.unizar.es/record/108506/files/texto_completo.jpg?subformat=icon</subfield>
    <subfield code="x">icon</subfield>
    <subfield code="y">Postprint</subfield>
  </datafield>
  <datafield tag="909" ind1="C" ind2="O">
    <subfield code="o">oai:zaguan.unizar.es:108506</subfield>
    <subfield code="p">articulos</subfield>
    <subfield code="p">driver</subfield>
  </datafield>
  <datafield tag="951" ind1=" " ind2=" ">
    <subfield code="a">2021-11-22-14:00:40</subfield>
  </datafield>
  <datafield tag="980" ind1=" " ind2=" ">
    <subfield code="a">ARTICLE</subfield>
  </datafield>
</record>
</collection>